000 00295nam a2200121 i 4500
001 bg
245 0 _aIzlucatelnaja rekombinacija w poluprowadnikach :
_bSbornik statej.
260 _aMoskwa,
_c1972.
040 _cBPK
041 _apol
942 _cKS
008 s pl f |000 0 pol
999 _c14338
_d14338
856 _uhttp://koha.tu.koszalin.pl/cgi-bin/koha/opac-detail.pl?biblionumber=14338
_yKatalog online BPK